Africa's Richest Countries A-Z Quiz Stats

Quiz not verified by Sporcle

Challenge
Share
Tweet
Embed
Score 0/15 Timer 03:00
0 Plays Today
Letter Country % Correct
AAlgeria
95.3%
KKenya
92.2%
UUganda
92.2%
ZZambia
92.2%
DDjibouti
90.6%
EEquatorial Guinea
90.6%
NNamibia
89.1%
LLibya
87.5%
Letter Country % Correct
GGabon
85.9%
MMauritius
81.3%
TTunisia
81.3%
BBotswana
79.7%
SSeychelles
79.7%
CCabo Verde
76.6%
RRepublic of the Congo
76.6%

You're not logged in!

Compare scores with friends on all Sporcle quizzes.
Join for Free
OR
Log In

You Might Also Like...

Show Comments

Extras

Top Quizzes Today


Score Distribution

Your Account Isn't Verified!

In order to create a playlist on Sporcle, you need to verify the email address you used during registration. Go to your Sporcle Settings to finish the process.

Report this User

Report this user for behavior that violates our Community Guidelines.

Details: